Gramática hebrea (Record no. 154745)

MARC details
000 -LEADER
campo de control de longitud fija 00762nam a22002175i 4500
001 - NÚMERO DE CONTROL
campo de control 154745
003 - IDENTIFICADOR DE NÚMERO DE CONTROL
campo de control ES-MaACL
005 - FECHA Y HORA DE LA ÚLTIMA TRANSACCIÓN
campo de control 20250817004348.0
008 - DATOS DE LONGITUD FIJA--INFORMACIÓN GENERAL
campo de control de longitud fija 940202s1886 sp |||| | spa d
040 ## - FUENTE DE CATALOGACIÓN
Centro catalogador/agencia de origen CAM
Lengua de catalogación spa
245 00 - MENCIÓN DEL TÍTULO
Título Gramática hebrea
Resto del título : teórico-práctica /
Mención de responsabilidad, etc. por un Sacerdote de las Escuelas Pías.
260 ## - PUBLICACIÓN, DISTRIBUCIÓN, ETC.
Lugar de publicación, distribución, etc. Madrid :
Nombre del editor, distribuidor, etc. [s.n.],
Fecha de publicación, distribución, etc. 1886 (
Fabricante Establecimiento Tipográfico de los Sucesores de Rivadeneyra)
300 ## - DESCRIPCIÓN FÍSICA
Extensión 276 p. ;
Dimensiones 24 cm.
650 #4 - PUNTO DE ACCESO ADICIONAL DE MATERIA--TÉRMINO DE MATERIA
Término de materia o nombre geográfico como elemento de entrada Lengua hebrea-
Subdivisión general Gramática.
9 (RLIN) 14260
700 0# - ENTRADA AGREGADA--NOMBRE PERSONAL
Nombre de persona Sacerdote de las Escuelas Pías, Un.
9 (RLIN) 132258
710 21 - ENTRADA AGREGADA--NOMBRE DE ENTIDAD CORPORATIVA
Nombre de entidad corporativa o nombre de jurisdicción como elemento de entrada Sucesores de Rivadeneyra (Madrid)
9 (RLIN) 134822
752 ## - ENTRADA AGREGADA--NOMBRE JERÁRQUICO DEL LUGAR
País o entidad superior España -
Ciudad Madrid
852 ## - LOCALIZACIÓN
Ubicación ES-MaACL
Número de control de estantería B-4410
Nota libre -- Enc. tela
942 ## - ELEMENTOS DE ENTRADA SECUNDARIOS (KOHA)
Fuente del sistema de clasificación o colocación Clasificación decimal universal
Holdings
Estatus retirado Estado de pérdida Estado de daño No para préstamo Colección Biblioteca de origen Biblioteca actual Ubicación en estantería Fecha de adquisición Fuente de adquisición Total de préstamos Signatura topográfica completa Código de barras Visto por última vez Precio de reemplazo Tipo de ítem Koha
        Libros del s. XIX Biblioteca del Ateneo de Madrid Biblioteca del Ateneo de Madrid Sala Pardo Bazán 17/01/2008     B-4410 1161853 23/02/2023 23/02/2023 Libro impreso antiguo